000 01055nam a2200253 i 4500
005 20260311154013.0
008 260311s2024 enk 000|0 eng|d
020 _a9780414108479
_qpaperback
041 _aeng
082 0 4 _a343.41078624
245 0 0 _aJCT: Tendering 2024
264 1 _aLondon :
_bThomson Reuters (Professional) UK Limited, trading as Sweet & Maxwell,
_c2024
300 _aii; 23 pages ;
_c30 cm
336 _atext
_2rdacontent
337 _aunmediated
_2rdamedia
338 _avolume
_2rdacarrier
490 _aJCT Contracts 2024
520 _aThis practice note is intended for use by both the public and private sectors. The notice consists of a general commentary on tendering practices and procedures and also model forms compiled by the JCT as Appendices to this Note: JCT Form of Invitation to Tender; JCT Model Form of Tender
650 0 _aConstruction contracts
_zGreat Britain
651 _aUnited Kingdom
710 2 _aJoint Contracts Tribunal,
_eissuing body.
942 _n0
999 _c122313
_d122313